000 00415nam a2200205Ia 4500
001 000965
003 YMCAF
005 20230512160042.0
008 100717s1971 ||||||||||||||||| ||und|d
024 _a965
035 _a947
040 _aYMCAF
_beng
_cIN-KoLT
041 _aeng
082 _aELE-SPI
100 _aSPIRO PETER
245 0 _aELECTRO FORMING
260 _c1971
300 _a384
942 _2ddc
_cBK
999 _c769
_d769